[Event "Budapest SixDays 01 IM-A"]
[Site "Budapest"]
[Date "2023.01.25"]
[Round "4"]
[White "Orso, Miklos"]
[Black "Magold, Filip"]
[Result "0-1"]
[WhiteElo "2256"]
[BlackElo "2230"]
[PlyCount "108"]
[EventDate "2023.01.23"]
[EventType "tourn"]
[EventRounds "9"]
[EventCountry "HUN"]
[SourceTitle "CBM 212 Extra"]
[Source "ChessBase"]
[SourceDate "2023.03.31"]
[SourceVersion "1"]
[SourceVersionDate "2023.03.31"]
[SourceQuality "1"]

1. Nf3 d5 2. b3 Nf6 3. Bb2 Bf5 4. d3 e6 5. g3 Nbd7 6. Bg2 Be7 7. 0-0 0-0 8. Nbd2 h6 9. Qe1 c6 10. e4 Bh7 11. Qe2 a5 12. a4 Qc7 13. Rfc1 Rfc8 14. Nd4 dxe4 15. dxe4 e5 16. Nf5 Bc5 17. Ba3 Bxa3 18. Rxa3 Re8 19. Raa1 Bxf5 20. exf5 e4 21. Re1 Nc5 22. Rad1 Rad8 23. Nf1 Re5 24. Rxd8+ Qxd8 25. Rd1 Qb8 26. Ne3 b5 27. Qd2 Nb7 28. Qd4 Qc7 29. h3 c5 30. Qc3 bxa4 31. bxa4 c4 32. g4 Rc5 33. Bf1 Qc6 34. Qb2 h5 35. Bxc4 hxg4 36. Bb5 Qb6 37. hxg4 Nd6 38. Rb1 Nxb5 39. axb5 Nd7 40. c4 Ne5 41. Qe2 a4 42. Kg2 Nd3 43. Qf1 a3 44. Nd5 Qb8 45. b6 Rxc4 46. b7 a2 47. Ra1 Qxb7 48. Ne3 Ra4 49. Qd1 Ra8 50. Qc2 Qb6 51. Nd5 Qd4 52. Nc3 e3 53. fxe3 Qxg4+ 54. Kh2 Ra6 0-1

[Event "HUN-chT2 Charousek 1819"]
[Site "Hungary"]
[Date "2019.02.10"]
[Round "7.4"]
[White "Orso, Miklos"]
[Black "Mihalincic, Tomislav"]
[Result "1/2-1/2"]
[WhiteElo "2302"]
[BlackElo "2239"]
[PlyCount "37"]
[EventDate "2018.09.23"]
[EventType "team-tourn"]
[EventRounds "11"]
[EventCountry "HUN"]
[SourceTitle "CBM 189 Extra"]
[Source "ChessBase"]
[SourceDate "2019.06.03"]
[SourceVersion "1"]
[SourceVersionDate "2019.06.03"]
[SourceQuality "1"]
[WhiteTeam "Aquaprofit Nagykanizsa II"]
[BlackTeam "Tapolca Varosi"]
[WhiteTeamCountry "HUN"]
[BlackTeamCountry "HUN"]

1. Nf3 Nf6 2. c4 g6 3. Nc3 Bg7 4. e4 d6 5. d4 0-0 6. Be2 e5 7. 0-0 Nc6 8. d5 Ne7 9. Bg5 h6 10. Bxf6 Bxf6 11. b4 Bg7 12. Nd2 f5 13. c5 h5 14. Rc1 Bh6 15. Rc2 a6 16. a4 fxe4 17. Ndxe4 Nf5 18. Ra2 Nd4 19. Bd3 1/2-1/2

[Event "HUN-chT2 Charousek 1819"]
[Site "Hungary"]
[Date "2018.09.23"]
[Round "1.5"]
[White "Goczo, Melinda"]
[Black "Orso, Miklos"]
[Result "1/2-1/2"]
[WhiteElo "2200"]
[BlackElo "2302"]
[PlyCount "30"]
[EventDate "2018.09.23"]
[EventType "team-tourn"]
[EventRounds "11"]
[EventCountry "HUN"]
[SourceTitle "CBM 189 Extra"]
[Source "ChessBase"]
[SourceDate "2019.06.03"]
[SourceVersion "1"]
[SourceVersionDate "2019.06.03"]
[SourceQuality "1"]
[WhiteTeam "Biatorbagy"]
[BlackTeam "Aquaprofit Nagykanizsa II"]
[WhiteTeamCountry "HUN"]
[BlackTeamCountry "HUN"]

1. d4 d5 2. c4 c6 3. Nc3 Nf6 4. Nf3 dxc4 5. a4 Bf5 6. e3 e6 7. Bxc4 Bb4 8. 0-0 Nbd7 9. Na2 Be7 10. Nc3 a5 11. Qe2 Bg6 12. Rd1 Bb4 13. Na2 Be7 14. Nc3 Bb4 15. Na2 Be7 1/2-1/2

[Event "HUN-chT2 Charousek 1718"]
[Site "Hungary"]
[Date "2018.03.25"]
[Round "8.6"]
[White "Orso, Miklos"]
[Black "Kovacs, Klara"]
[Result "1/2-1/2"]
[WhiteElo "2290"]
[BlackElo "2223"]
[PlyCount "37"]
[EventDate "2017.10.29"]
[EventType "team-tourn"]
[EventRounds "9"]
[EventCountry "HUN"]
[SourceTitle "EXT 2020"]
[Source "ChessBase"]
[SourceDate "2019.10.17"]
[SourceVersion "1"]
[SourceVersionDate "2019.10.17"]
[SourceQuality "1"]
[WhiteTeam "Aquaprofit Nagykanizsa II"]
[BlackTeam "Penzugyor"]
[WhiteTeamCountry "HUN"]
[BlackTeamCountry "HUN"]

1. d4 e6 2. Nf3 Nf6 3. c4 d5 4. Bg5 Be7 5. e3 h6 6. Bh4 0-0 7. Nc3 Ne4 8. Bxe7 Qxe7 9. Qc2 Nxc3 10. bxc3 dxc4 11. Bxc4 Nd7 12. 0-0 b6 13. Qe4 Rb8 14. Bd3 Nf6 15. Qh4 Bb7 16. Ne5 Rfe8 17. Bb5 Ne4 18. Qh3 Rec8 19. Rac1 1/2-1/2

[Event "HUN-chT2 Charousek 1718"]
[Site "Hungary"]
[Date "2018.02.18"]
[Round "6.4"]
[White "Orso, Miklos"]
[Black "Meszaros, Tamas"]
[Result "1/2-1/2"]
[WhiteElo "2290"]
[BlackElo "2406"]
[PlyCount "23"]
[EventDate "2017.10.29"]
[EventType "team-tourn"]
[EventRounds "9"]
[EventCountry "HUN"]
[SourceTitle "EXT 2020"]
[Source "ChessBase"]
[SourceDate "2019.10.17"]
[SourceVersion "1"]
[SourceVersionDate "2019.10.17"]
[SourceQuality "1"]
[WhiteTeam "Aquaprofit Nagykanizsa II"]
[BlackTeam "Csuti Hydro"]
[WhiteTeamCountry "HUN"]
[BlackTeamCountry "HUN"]

1. d4 Nf6 2. Nf3 e6 3. c4 Bb4+ 4. Bd2 a5 5. Nc3 0-0 6. g3 d5 7. cxd5 exd5 8. Bg2 Re8 9. 0-0 b6 10. Ne5 Bb7 11. Rc1 Nbd7 12. Nb5 1/2-1/2

[Event "HUN-chT2 Charousek 1516"]
[Site "Hungary"]
[Date "2016.02.28"]
[Round "6.5"]
[White "Orso, Miklos"]
[Black "Teglas, Balazs"]
[Result "1-0"]
[WhiteElo "2285"]
[BlackElo "2188"]
[PlyCount "43"]
[EventDate "2015.10.18"]
[EventType "team-tourn"]
[EventRounds "9"]
[EventCountry "HUN"]
[SourceTitle "EXT 2017"]
[Source "ChessBase"]
[SourceDate "2016.10.25"]
[SourceVersion "1"]
[SourceVersionDate "2016.10.25"]
[SourceQuality "1"]
[WhiteTeam "Aquaprofit II"]
[BlackTeam "Hobagoly"]
[WhiteTeamCountry "HUN"]
[BlackTeamCountry "HUN"]

1. Nf3 Nf6 2. c4 e6 3. Nc3 c5 4. g3 Nc6 5. Bg2 Be7 6. d4 cxd4 7. Nxd4 Qb6 8. Nc2 0-0 9. 0-0 a6 10. b3 Qc7 11. Bb2 b6 12. Rc1 Bb7 13. Ne3 Rac8 14. Ncd5 exd5 15. cxd5 Ne8 16. Nf5 Bc5 17. dxc6 dxc6 18. e4 f6 19. b4 Be7 20. Bh3 Rd8 21. Qb3+ Kh8 22. Nd4 1-0

[Event "Perenyi Memorial"]
[Site "Budapest"]
[Date "2016.01.14"]
[Round "8"]
[White "Boguszlavszkij, Jevgenyij"]
[Black "Orso, Miklos"]
[Result "1/2-1/2"]
[WhiteElo "2193"]
[BlackElo "2283"]
[PlyCount "40"]
[EventDate "2016.01.06"]
[EventType "swiss"]
[EventRounds "9"]
[EventCountry "HUN"]
[SourceTitle "CBM 170 Extra"]
[Source "ChessBase"]
[SourceDate "2016.02.25"]
[SourceVersion "1"]
[SourceVersionDate "2016.02.25"]
[SourceQuality "1"]

1. e4 c5 2. Nc3 Nc6 3. Nge2 e5 4. Nd5 g6 5. Nec3 a6 6. a4 d6 7. Bc4 Bg7 8. 0-0 Nge7 9. d3 Nxd5 10. Nxd5 0-0 11. h3 Kh8 12. c3 f5 13. f4 fxe4 14. dxe4 exf4 15. Bxf4 Ne5 16. Be2 Be6 17. Qd2 Bxd5 18. exd5 Nf7 19. Rf2 Qe7 20. Bg4 Be5 1/2-1/2

[Event "Perenyi Memorial"]
[Site "Budapest"]
[Date "2016.01.12"]
[Round "6"]
[White "Letay, Gyula"]
[Black "Orso, Miklos"]
[Result "1/2-1/2"]
[WhiteElo "1931"]
[BlackElo "2283"]
[PlyCount "33"]
[EventDate "2016.01.06"]
[EventType "swiss"]
[EventRounds "9"]
[EventCountry "HUN"]
[SourceTitle "CBM 170 Extra"]
[Source "ChessBase"]
[SourceDate "2016.02.25"]
[SourceVersion "1"]
[SourceVersionDate "2016.02.25"]
[SourceQuality "1"]

1. e4 c5 2. Nc3 Nc6 3. g3 g6 4. Bg2 Bg7 5. d3 d6 6. Be3 e5 7. Qd2 Nge7 8. h3 Be6 9. Nge2 Nd4 10. Nd1 Qd7 11. Nxd4 cxd4 12. Bh6 Bxh6 13. Qxh6 Nc6 14. Qd2 0-0 15. f4 Kh8 16. Nf2 f6 17. a3 1/2-1/2

[Event "Perenyi Memorial"]
[Site "Budapest"]
[Date "2016.01.11"]
[Round "5"]
[White "Orso, Miklos"]
[Black "Koczo, Kristof"]
[Result "1/2-1/2"]
[WhiteElo "2283"]
[BlackElo "2198"]
[PlyCount "158"]
[EventDate "2016.01.06"]
[EventType "swiss"]
[EventRounds "9"]
[EventCountry "HUN"]
[SourceTitle "CBM 170 Extra"]
[Source "ChessBase"]
[SourceDate "2016.02.25"]
[SourceVersion "1"]
[SourceVersionDate "2016.02.25"]
[SourceQuality "1"]

1. e4 c5 2. Nc3 Nc6 3. f4 g6 4. Nf3 Bg7 5. Bc4 d6 6. 0-0 e6 7. d3 Nge7 8. Qe1 0-0 9. f5 exf5 10. Qh4 h5 11. Bg5 Qc7 12. Rae1 a6 13. a4 b6 14. Bf6 Bxf6 15. Qxf6 Be6 16. Bxe6 fxe6 17. Qxe6+ Kg7 18. Ng5 Nd4 19. Ne2 Nxe2+ 20. Rxe2 Rae8 21. Qc4 Nc6 22. Ref2 Qe7 23. h4 Ne5 24. Qd5 Ng4 25. exf5 Nxf2 26. Ne6+ Kh8 27. Nxf8 Rxf8 28. Rxf2 gxf5 29. g3 Qe5 30. Qf3 Qe8 31. Re2 Qg6 32. Kf2 Qg4 33. Qf4 Qxf4+ 34. gxf4 Kg7 35. Kf3 Kf6 36. Rg2 d5 37. Rg5 Rh8 38. Kf2 b5 39. a5 b4 40. b3 d4 41. Kf3 Rh6 42. Rg8 Ke7 43. Rg7+ Ke6 44. Ra7 Kd5 45. Rd7+ Ke6 46. Rg7 Kd5 47. Kf2 Ke6 48. Rg8 Kd5 49. Rf8 Ke6 50. Rb8 Kd5 51. Rb7 Rg6 52. Re7 Rg4 53. Re5+ Kc6 54. Rxf5 Rxh4 55. Rf6+ Kb5 56. Kf3 Rh2 57. Rh6 Rxc2 58. f5 Rc3 59. Ke4 Rxb3 60. f6 Rb1 61. Rxh5 Re1+ 62. Kd5 Rf1 63. Ke6 b3 64. Rh8 Kxa5 65. f7 Ka4 66. f8Q Rxf8 67. Rxf8 Kb4 68. Kd5 a5 69. Rb8+ Kc3 70. Kxc5 a4 71. Kb5 Kxd3 72. Kxa4 Kc2 73. Rc8+ Kb2 74. Kb4 d3 75. Rc3 d2 76. Rxb3+ Kc2 77. Rc3+ Kb2 78. Rd3 Kc2 79. Rxd2+ Kxd2 1/2-1/2

[Event "HUN-chT2 Charousek 1415"]
[Site "Hungary"]
[Date "2015.03.22"]
[Round "8"]
[White "Orso, Miklos"]
[Black "Jamrich, Gyorgy"]
[Result "1-0"]
[WhiteElo "2294"]
[BlackElo "2284"]
[PlyCount "102"]
[EventDate "2014.10.12"]
[EventType "team-tourn"]
[EventRounds "9"]
[EventCountry "HUN"]
[SourceTitle "EXT 2016"]
[Source "ChessBase"]
[SourceDate "2015.10.08"]
[SourceVersion "1"]
[SourceVersionDate "2015.10.08"]
[SourceQuality "1"]
[WhiteTeam "Aquaprofit II"]
[BlackTeam "Balatonfuered"]
[WhiteTeamCountry "HUN"]
[BlackTeamCountry "HUN"]

1. Nf3 d5 2. c4 e6 3. g3 Nf6 4. Bg2 Be7 5. 0-0 0-0 6. b3 b6 7. cxd5 exd5 8. Bb2 Bb7 9. d4 Nbd7 10. Nc3 Re8 11. Rc1 Bf8 12. Rc2 a6 13. Qc1 Bd6 14. Nd1 c6 15. Ne3 g6 16. Ba3 Qe7 17. Bxd6 Qxd6 18. Ne1 a5 19. Nd3 Ne4 20. Rd1 Qe7 21. Ng4 f6 22. Nf4 f5 23. Ne3 Ndf6 24. Nf1 a4 25. Nd3 axb3 26. axb3 Qa3 27. b4 Qxc1 28. Rdxc1 Ra4 29. Ne3 Re7 30. Nd1 Nd6 31. N1b2 Ra2 32. e3 Nb5 33. Nd1 Ra4 34. Nc3 Nxc3 35. Rxc3 Ne4 36. R3c2 b5 37. h3 Kg7 38. g4 fxg4 39. hxg4 Kh6 40. Bf3 Kg5 41. Kg2 Nf6 42. Ne5 Rxb4 43. Rh1 Rc7 44. Kg3 Ne4+ 45. Bxe4 dxe4 46. Rc5 Kf6 47. g5+ Kg7 48. d5 Rb2 49. d6 Rc8 50. Ra1 Ra8 51. Rxa8 Bxa8 1-0

[Event "HUN-chT2 Charousek 1415"]
[Site "Hungary"]
[Date "2015.03.01"]
[Round "7"]
[White "Orso, Miklos"]
[Black "Karsa, Laszlo"]
[Result "1/2-1/2"]
[WhiteElo "2294"]
[BlackElo "2339"]
[PlyCount "34"]
[EventDate "2014.10.12"]
[EventType "team-tourn"]
[EventRounds "9"]
[EventCountry "HUN"]
[SourceTitle "EXT 2016"]
[Source "ChessBase"]
[SourceDate "2015.10.08"]
[SourceVersion "1"]
[SourceVersionDate "2015.10.08"]
[SourceQuality "1"]
[WhiteTeam "Aquaprofit II"]
[BlackTeam "Komlo"]
[WhiteTeamCountry "HUN"]
[BlackTeamCountry "HUN"]

1. d4 Nf6 2. c4 e6 3. Nf3 d5 4. Nc3 Nbd7 5. Bg5 Be7 6. e3 0-0 7. cxd5 exd5 8. Bd3 c6 9. Qc2 Re8 10. 0-0 Nf8 11. h3 Be6 12. Bxf6 Bxf6 13. b4 Rc8 14. Rab1 g6 15. Rfd1 Be7 16. Ne2 Bd6 17. Nf4 Bd7 1/2-1/2

[Event "HUN-chT2 Charousek 1314"]
[Site "Hungary"]
[Date "2014.02.16"]
[Round "7"]
[White "Orso, Miklos"]
[Black "Antok, Daniel"]
[Result "1/2-1/2"]
[WhiteElo "2328"]
[BlackElo "2222"]
[PlyCount "45"]
[EventDate "2013.09.08"]
[EventType "team-tourn"]
[EventRounds "11"]
[EventCountry "HUN"]
[SourceTitle "EXT 2016"]
[Source "ChessBase"]
[SourceDate "2015.10.08"]
[SourceVersion "1"]
[SourceVersionDate "2015.10.08"]
[SourceQuality "1"]
[WhiteTeam "Nagykanizsa II"]
[BlackTeam "Budapest EAC"]
[WhiteTeamCountry "HUN"]
[BlackTeamCountry "HUN"]

1. d4 d5 2. Nf3 Nf6 3. Bg5 Ne4 4. Bf4 c5 5. c3 Nc6 6. e3 e6 7. Nbd2 Nxd2 8. Qxd2 Bd6 9. Bg3 b6 10. Bd3 Bb7 11. 0-0 Bxg3 12. hxg3 0-0 13. Rad1 Qf6 14. b4 e5 15. b5 e4 16. bxc6 Bxc6 17. Be2 exf3 18. Bxf3 Rad8 19. Qb2 c4 20. Rb1 g6 21. Qa3 Rd7 22. Rfe1 Re8 23. Rb2 1/2-1/2

[Event "Kecskemet Caissa IM 01"]
[Site "Kecskemet"]
[Date "2014.01.26"]
[Round "13"]
[White "Petrisor, Adrian Marian"]
[Black "Orso, Miklos"]
[Result "1-0"]
[WhiteElo "2404"]
[BlackElo "2309"]
[PlyCount "132"]
[EventDate "2014.01.19"]
[EventType "tourn"]
[EventRounds "14"]
[EventCountry "HUN"]
[EventCategory "2"]
[SourceTitle "CBM 158 Extra"]
[Source "ChessBase"]
[SourceDate "2014.02.28"]
[SourceVersion "1"]
[SourceVersionDate "2014.02.28"]
[SourceQuality "1"]

1. d4 Nf6 2. c4 g6 3. Nf3 Bg7 4. g3 d6 5. Bg2 0-0 6. Nc3 Nbd7 7. 0-0 e5 8. Be3 c6 9. h3 Re8 10. Qc2 Qe7 11. Rad1 exd4 12. Bxd4 Nc5 13. Rfe1 Nce4 14. Nxe4 Nxe4 15. Bxg7 Kxg7 16. Nd2 d5 17. cxd5 cxd5 18. e3 Be6 19. Qa4 f5 20. Nf3 a6 21. Rc1 Rac8 22. Qd4+ Kg8 23. Qb6 Rc4 24. b3 Rcc8 25. Qa5 Bf7 26. Rxc8 Rxc8 27. Nd4 Qc5 28. Qxc5 Rxc5 29. h4 Kf8 30. Kf1 Ke7 31. Rd1 a5 32. Ke1 b5 33. Bxe4 dxe4 34. Kd2 b4 35. Ra1 Bd5 36. a3 bxa3 37. Rxa3 Kf6 38. Ra1 Ke5 39. Ra4 Kf6 40. Ra1 Ke5 41. Ra2 Kd6 42. h5 Bf7 43. h6 Kd7 44. Ra4 Bd5 45. b4 axb4 46. Rxb4 Ke7 47. Rb6 Ra5 48. Nc2 Ra2 49. Kc3 Bf7 50. Rb8 g5 51. Rb7+ Kf6 52. Rb6+ Ke7 53. Rc6 Be8 54. Rc7+ Bd7 55. Rb7 Ra6 56. Nd4 Rf6 57. Kc4 Kd8 58. Rb8+ Bc8 59. Kd5 Kc7 60. Ke5 Rxh6 61. Rb2 Ra6 62. Rc2+ Kd8 63. Nc6+ Ke8 64. Nb8 Ra5+ 65. Kf6 Bd7 66. Rc7 Ba4 1-0

[Event "Kecskemet Caissa IM 01"]
[Site "Kecskemet"]
[Date "2014.01.23"]
[Round "8"]
[White "Fang, Yuxiang"]
[Black "Orso, Miklos"]
[Result "1-0"]
[WhiteElo "2258"]
[BlackElo "2309"]
[PlyCount "31"]
[EventDate "2014.01.19"]
[EventType "tourn"]
[EventRounds "14"]
[EventCountry "HUN"]
[EventCategory "2"]
[SourceTitle "CBM 158 Extra"]
[Source "ChessBase"]
[SourceDate "2014.02.28"]
[SourceVersion "1"]
[SourceVersionDate "2014.02.28"]
[SourceQuality "1"]

1. d4 Nf6 2. c4 c5 3. Nf3 cxd4 4. Nxd4 e5 5. Nb5 d5 6. cxd5 a6 7. N5c3 Bc5 8. e3 0-0 9. Be2 e4 10. a3 Re8 11. b4 Bd6 12. Bb2 Bf5 13. Nd2 Nbd7 14. g4 Bg6 15. g5 Be5 16. Nc4 1-0

[Event "Kecskemet Caissa IM 01"]
[Site "Kecskemet"]
[Date "2014.01.19"]
[Round "1"]
[White "Orso, Miklos"]
[Black "Fang, Yuxiang"]
[Result "0-1"]
[WhiteElo "2309"]
[BlackElo "2258"]
[PlyCount "116"]
[EventDate "2014.01.19"]
[EventType "tourn"]
[EventRounds "14"]
[EventCountry "HUN"]
[EventCategory "2"]
[SourceTitle "CBM 158 Extra"]
[Source "ChessBase"]
[SourceDate "2014.02.28"]
[SourceVersion "1"]
[SourceVersionDate "2014.02.28"]
[SourceQuality "1"]

1. d4 d5 2. Nf3 Nf6 3. e3 c6 4. Bd3 Bg4 5. Nbd2 e6 6. h3 Bh5 7. 0-0 Nbd7 8. c4 Bd6 9. Qb3 Qb8 10. Re1 0-0 11. Ng5 a6 12. f4 Bg6 13. Bxg6 hxg6 14. c5 Be7 15. Qc2 b6 16. b4 a5 17. Rb1 axb4 18. Rxb4 Qa7 19. cxb6 Nxb6 20. Rb3 Rfc8 21. Bb2 c5 22. Ra3 cxd4 23. Qxc8+ Nxc8 24. Rxa7 Rxa7 25. Bxd4 Rxa2 26. Rc1 Nd6 27. Ndf3 Nfe4 28. Nxe4 dxe4 29. Ne5 Bf6 30. Rc6 Bxe5 31. Bxe5 Nf5 32. Rc8+ Kh7 33. Rc7 Nxe3 34. Rxf7 Rxg2+ 35. Kh1 Rg3 36. Rxg7+ Kh6 37. Re7 Rxh3+ 38. Kg1 Rg3+ 39. Kf2 Rf3+ 40. Ke2 Nd5 41. Rxe6 Nxf4+ 42. Bxf4+ Rxf4 43. Ke3 Rh4 44. Re8 Kh5 45. Rh8+ Kg4 46. Rg8 g5 47. Kxe4 Kg3+ 48. Ke3 g4 49. Ra8 Rh7 50. Ke4 Rf7 51. Rg8 Kh3 52. Rh8+ Kg2 53. Rg8 g3 54. Ke3 Kh2 55. Rh8+ Kg1 56. Rg8 g2 57. Ke2 Re7+ 58. Kd2 Rh7 0-1

[Event "Kecskemet Caissa IM 11"]
[Site "Kecskemet"]
[Date "2013.11.22"]
[Round "7"]
[White "Orso, Miklos"]
[Black "Farkas, Tibor"]
[Result "1/2-1/2"]
[WhiteElo "2328"]
[BlackElo "2237"]
[PlyCount "111"]
[EventDate "2013.11.16"]
[EventType "tourn"]
[EventRounds "10"]
[EventCountry "HUN"]
[EventCategory "2"]
[SourceTitle "CBM 157 Extra"]
[Source "ChessBase"]
[SourceDate "2013.12.19"]
[SourceVersion "1"]
[SourceVersionDate "2013.12.19"]
[SourceQuality "1"]

1. d4 d5 2. Nf3 Nf6 3. g3 c6 4. Bg2 Bf5 5. 0-0 h6 6. c4 e6 7. Nc3 Nbd7 8. Qb3 Qb6 9. c5 Qxb3 10. axb3 a6 11. b4 Ne4 12. Nd2 Nxd2 13. Bxd2 Rd8 14. Bf4 Be7 15. Bc7 Rc8 16. Ba5 0-0 17. Rad1 Nf6 18. f3 Bd8 19. e4 Bh7 20. Rfe1 Bxa5 21. bxa5 Rcd8 22. Rd2 Rd7 23. e5 Ne8 24. h4 Nc7 25. Bh3 Re7 26. Kg2 Rfe8 27. Rde2 f5 28. exf6 gxf6 29. f4 f5 30. Kf2 h5 31. Bg2 Kf7 32. Rd2 Rg8 33. Bf3 Bg6 34. Ne2 Kf6 35. Nc1 Be8 36. Re3 Nb5 37. Be2 Reg7 38. Bxb5 cxb5 39. c6 Bxc6 40. Nd3 Re7 41. Rc2 Rc8 42. Ne5 Rec7 43. Rec3 Ke7 44. Re2 Be8 45. Rce3 Rc2 46. Nd3 Rxe2+ 47. Rxe2 Rc7 48. Nc5 Bd7 49. Ke3 Kd6 50. Rc2 Be8 51. Kd2 Bc6 52. Rc3 Rg7 53. Re3 Re7 54. Kc3 Re8 55. Kb4 Re7 56. b3 1/2-1/2

[Event "Kecskemet Caissa IM 11"]
[Site "Kecskemet"]
[Date "2013.11.20"]
[Round "5"]
[White "Orso, Miklos"]
[Black "Cuhendi, Sean Winshand"]
[Result "0-1"]
[WhiteElo "2328"]
[BlackElo "2317"]
[PlyCount "96"]
[EventDate "2013.11.16"]
[EventType "tourn"]
[EventRounds "10"]
[EventCountry "HUN"]
[EventCategory "2"]
[SourceTitle "CBM 157 Extra"]
[Source "ChessBase"]
[SourceDate "2013.12.19"]
[SourceVersion "1"]
[SourceVersionDate "2013.12.19"]
[SourceQuality "1"]

1. d4 Nf6 2. Nf3 g6 3. c4 Bg7 4. Nc3 d6 5. e4 0-0 6. Be2 e5 7. 0-0 Nc6 8. d5 Ne7 9. Nd2 Nd7 10. b4 f5 11. f3 f4 12. Ba3 g5 13. c5 Nf6 14. cxd6 cxd6 15. b5 h5 16. Nc4 Ne8 17. b6 a6 18. Kh1 Rf7 19. h3 Bf8 20. Qe1 Ng6 21. Nd1 Rg7 22. Nf2 Nh8 23. Rg1 Qf6 24. g4 fxg3 25. Rxg3 Ng6 26. Bc1 Nf4 27. Ne3 Qd8 28. Rb1 Nf6 29. a4 h4 30. Rg4 N6h5 31. Bd1 Ng3+ 32. Kh2 Bd7 33. a5 Rc8 34. Bd2 Be7 35. Rc1 Rf7 36. Rxc8 Qxc8 37. Bb4 Qc1 38. Nf5 Nxf5 39. exf5 Bxf5 40. Ba4 Qxe1 41. Bxe1 Bxg4 42. hxg4 Rf8 43. Bc6 bxc6 44. dxc6 d5 45. b7 Ne6 46. Nd3 e4 47. fxe4 dxe4 48. Nf2 Bd6+ 0-1